বিষয়বস্তু এড়িয়ে যান
VuFind
ভাষা
English
Deutsch
Español
Français
Italiano
日本語
Nederlands
Português
Português (Brasil)
中文(简体)
中文(繁體)
Türkçe
עברית
Gaeilge
Cymraeg
Ελληνικά
Català
Euskara
Русский
Čeština
Suomi
Svenska
polski
Dansk
slovenščina
اللغة العربية
বাংলা
Galego
Tiếng Việt
Hrvatski
हिंदी
সমস্ত ক্ষেত্রসমূহ
আখ্যা
লেখক
বিষয়
ডাক সংখ্যা
আইসবিএন/আইএসএসএন
ট্যাগ
অনুসন্ধান
বিস্তৃত
অনুসন্ধান
Regulations of Hong Kong, 1960
সাইট করুন
এই ই-মেইলটি
মুদ্রণ
নথি এক্সপোর্ট করুন
এক্সপোর্ট করুন RefWorks
এক্সপোর্ট করুন EndNoteWeb
এক্সপোর্ট করুন EndNote
permanent_link
লোডিং...
Regulations of Hong Kong, 1960
হোল্ডিংস
বিবরন
অনুরূপ উপাদানগুলি
স্টাফেদের বিবরণ দেখুন
LEADER
00250nam a22000857a 4500
003
OSt
245
|a
Regulations of Hong Kong, 1960
942
|c
BJ
|6
_
999
|c
198297
|d
198297
952
|0
0
|1
0
|4
0
|6
_
|7
0
|8
BPER
|9
254162
|a
SLS
|b
SLS
|d
2011-02-07
|p
SLS002806
|r
2013-10-05
|t
1
|w
2013-10-05
|y
BJ
অনুরূপ উপাদানগুলি
Ordinances of Hong Kong, 1960
Hong Kong
অনুযায়ী: Sheenan, Joseph Levy
প্রকাশিত: (2007)
Hong Kong /
প্রকাশিত: (1963)
Hong Kong /
অনুযায়ী: Ingrams Harold
Hong Kong /
প্রকাশিত: (1957)
লোডিং...